000 00298nam a2200121Ia 4500
008 170620s9999 xx 000 0 und d
100 _aSIDDHIQUI - ANEES AHMAD
245 0 _aPHARMACEUTICAL CHEMISTRY
260 _bTARA PUB DELHI
260 _c2007
300 _a214
546 _aEnglish
690 _aPHARMACEUTICAL CHEMISTRY
999 _c30937
_d30937